书目信息 |
| 题名: |
现代室内装饰手册 写字楼宇篇
|
|
| 作者: | 陈同纲 , 陈震邦 主编 | |
| 分册: | ||
| 出版信息: | 北京 中国计划出版社 2000.09 |
|
| 页数: | 224页 | |
| 开本: | 16开 | |
| 丛书名: | ||
| 单 册: | ||
| 中图分类: | TU238.2 | |
| 科图分类: | ||
| 主题词: | 建筑设计 | |
| 电子资源: | ||
| ISBN: | 7-80058-841-6 | |
| 000 | 00653nam0 2200205 45 | |
| 001 | 0012111047 | |
| 005 | 20001211100912.2 | |
| 010 | @a7-80058-841-6@d30.00元 | |
| 100 | @a20001211d2000 km y0chiy0120 ea | |
| 101 | 0 | @achi |
| 105 | @a z 000yy | |
| 200 | 1 | @a现代室内装饰手册 写字楼宇篇@AXian Dai Shi Nei Zhuang Shi Shou Ce Xie Zi Lou Yu Pian@f陈同纲,陈震邦主编@FChen Tong Gang,Chen Zhen Bang Zhu Bian |
| 210 | @a北京@c中国计划出版社@d2000.09 | |
| 215 | @a224页@d16开 | |
| 606 | 0 | @a建筑设计 |
| 690 | @aTU238.2@v3 | |
| 701 | 0 | @a陈同纲@4主编 |
| 701 | 0 | @a陈震邦@4主编 |
| 801 | @aCN@bPftUser@c20001211 | |
| 905 | @b304936-945@dTU238.2@eCH280/5@f10 | |
| 现代室内装饰手册 写字楼宇篇/陈同纲,陈震邦主编.-北京:中国计划出版社,2000.09 |
| 224页;16开 |
| ISBN 7-80058-841-6:30.00元 |
| ● |
| 相关链接 |
|
|
|
正题名:现代室内装饰手册写字楼宇篇
索取号:TU238.2/CH280/5
 
预约/预借
| 序号 | 登录号 | 条形码 | 馆藏地/架位号 | 状态 | 备注 |
| 1 | 304936 | 203049361 | 建筑库101/101建筑库 55排2列3层/ [索取号:TU238.2/CH280/5] | 在馆 | |
| 2 | 304937 | 203049370 | 自科二线404/404自科库 6排5列2层/ [索取号:TU238.2/CH280/5] | 在馆 | |
| 3 | 304938 | 203049389 | 自科二线404/404自科库 13排6列3层/ [索取号:TU238.2/CH280/5] | 在馆 | |
| 4 | 304939 | 203049398 | 建筑库101/101建筑库 55排2列3层/ [索取号:TU238.2/CH280/5] | 在馆 | |
| 5 | 304944 | 203049441 | 建筑库101/101建筑库 55排2列3层/ [索取号:TU238.2/CH280/5] | 在馆 | |
| 6 | 304945 | 203049450 | 自科二线404/404自科库 6排5列2层/ [索取号:TU238.2/CH280/5] | 在馆 |